[Event "Women's Speed Chess Q5"]
[Site "chess.com INT"]
[Date "2020.06.22"]
[Round "2"]
[White "Skuhala, Barbara"]
[Black "Afraoui, Anaelle"]
[Result "1-0"]
[WhiteTitle "WFM"]
[BlackTitle "WFM"]
[WhiteElo "2095"]
[BlackElo "2120"]
[WhiteFideId "14605465"]
[BlackFideId "20654383"]
[EventDate "2020.06.22"]

1. e4 d6 2. d4 Nf6 3. Nc3 g6 4. Nf3 Bg7 5. h3 O-O 6. Bg5 Nc6 7. Qd2 e5 8. d5 Ne7
9. Be2 c6 10. O-O-O cxd5 11. exd5 Qa5 12. Kb1 Bd7 13. h4 h5 14. Bxf6 Bxf6 15.
Ne4 Qxd2 16. Nxf6+ Kg7 17. Nxh5+ gxh5 18. Nxd2 Nxd5 19. Bxh5 Nf4 20. Bf3 Bc6 21.
Bxc6 bxc6 22. g3 Ne6 23. Ne4 d5 24. Nd2 e4 25. Rhe1 Rab8 26. f3 f5 27. g4 fxg4
28. fxe4 Nf4 29. Rg1 dxe4 30. Rxg4+ Kh6 31. Nxe4 Kh5 32. Rg5+ Kxh4 33. Rh1+ Nh3
34. Rg3 1-0

[Event "Women's Speed Chess Q5"]
[Site "chess.com INT"]
[Date "2020.06.22"]
[Round "2"]
[White "Yakimova, Mariya"]
[Black "Kashlinskaya, Alina"]
[Result "0-1"]
[WhiteTitle "WFM"]
[BlackTitle "IM"]
[WhiteElo "2269"]
[BlackElo "2494"]
[WhiteFideId "34188859"]
[BlackFideId "4198026"]
[EventDate "2020.06.22"]

1. d4 Nf6 2. c4 g6 3. Nf3 Bg7 4. g3 O-O 5. Bg2 d6 6. O-O Nbd7 7. Nc3 e5 8. dxe5
dxe5 9. Qc2 c6 10. Rd1 Qe7 11. e4 Nc5 12. b4 Na6 13. a3 Bg4 14. h3 Bxf3 15. Bxf3
Nc7 16. Be3 Ne6 17. Bg2 Rfe8 18. Ne2 h5 19. Rab1 h4 20. Qc3 Nh5 21. Kh2 Bf6 22.
Qc1 Rad8 23. Qb2 Nd4 24. b5 c5 25. Nc3 hxg3+ 26. fxg3 Bg5 27. Qf2 Bxe3 28. Qxe3
Nf6 29. Rf1 Kg7 30. Rf2 Rh8 31. Rbf1 Ng4+ 0-1

[Event "Women's Speed Chess Q5"]
[Site "chess.com INT"]
[Date "2020.06.22"]
[Round "2"]
[White "Sapale, Saloni"]
[Black "Berdychevskaya, Natasha"]
[Result "1-0"]
[WhiteTitle "WIM"]
[BlackTitle "WFM"]
[WhiteElo "2147"]
[BlackElo "2208"]
[WhiteFideId "5085527"]
[BlackFideId "4159322"]
[EventDate "2020.06.22"]

1. e4 e5 2. Nf3 Nf6 3. Nxe5 Nxe4 4. Nf3 d5 5. d3 Nf6 6. d4 Bd6 7. Bd3 O-O 8. O-O
Bg4 9. h3 Bh5 10. Bg5 Nbd7 11. Nbd2 c6 12. c3 Qc7 13. Qc2 Rfe8 14. Rae1 Bf4 15.
Bxf4 Qxf4 16. Ne5 Nxe5 17. dxe5 Rxe5 18. g3 Qg5 19. h4 Rxe1 20. hxg5 Rxf1+ 21.
Nxf1 Ng4 22. Bxh7+ Kh8 23. Bd3 Re8 24. Be2 Bg6 25. Qd2 Ne5 26. f4 Nd7 27. Bd3
Bh5 28. Qh2 g6 29. g4 1-0

[Event "Women's Speed Chess Q5"]
[Site "chess.com INT"]
[Date "2020.06.22"]
[Round "2"]
[White "Jakubowska, Anna"]
[Black "Mamedjarova, Turkan"]
[Result "0-1"]
[WhiteTitle "WIM"]
[BlackTitle "WGM"]
[WhiteElo "2073"]
[BlackElo "2309"]
[WhiteFideId "1121952"]
[BlackFideId "13402005"]
[EventDate "2020.06.22"]

1. e4 e5 2. Nc3 Bc5 3. g3 Nf6 4. Bg2 c6 5. d3 h6 6. Nge2 d5 7. exd5 cxd5 8. d4
exd4 9. Nxd4 Bg4 10. f3 Bd7 11. Nce2 O-O 12. O-O Nc6 13. Kh1 Re8 14. c3 Ne5 15.
Nb3 Bb6 16. Ned4 Nc4 17. Re1 Qc7 18. Bf4 Qd8 19. Qc2 Rc8 20. Qf2 Bf5 21. Rxe8+
Qxe8 22. Re1 Qd7 23. g4 Bg6 24. Bf1 Re8 25. Bxc4 dxc4 26. Nd2 Rxe1+ 27. Qxe1 Qd5
28. Qe5 Bxd4 29. Qxd5 Nxd5 30. cxd4 Nxf4 31. Nxc4 Bb1 32. a3 Ba2 33. Nd6 Bd5 34.
Kg1 Bxf3 0-1

[Event "Women's Speed Chess Q5"]
[Site "chess.com INT"]
[Date "2020.06.22"]
[Round "2"]
[White "Hryzlova, Sofiia"]
[Black "Zhukova, Natalia"]
[Result "0-1"]
[WhiteTitle "WCM"]
[BlackTitle "GM"]
[WhiteElo "1940"]
[BlackElo "2328"]
[WhiteFideId "14174669"]
[BlackFideId "14101513"]
[EventDate "2020.06.22"]

1. c4 c5 2. Nf3 Nf6 3. d4 cxd4 4. Nxd4 Nc6 5. Nc3 e6 6. g3 Qb6 7. Ndb5 Ne5 8.
Bf4 Nfg4 9. e3 a6 10. Nd4 Qxb2 11. Ne4 Bb4+ 12. Nd2 Bxd2+ 0-1

[Event "Women's Speed Chess Q5"]
[Site "chess.com INT"]
[Date "2020.06.22"]
[Round "2"]
[White "Karnaukhova, Elmira"]
[Black "Gunina, Valentina"]
[Result "0-1"]
[WhiteTitle "WGM"]
[BlackTitle "GM"]
[WhiteElo "2319"]
[BlackElo "2431"]
[WhiteFideId "4148827"]
[BlackFideId "4167570"]
[EventDate "2020.06.22"]

1. d4 Nf6 2. Bg5 d5 3. Bxf6 gxf6 4. Nd2 e5 5. c3 c5 6. e3 Nc6 7. dxe5 fxe5 8.
Qh5 Qf6 9. e4 d4 10. Ngf3 Rg8 11. Qxh7 Rh8 12. Qxh8 Qxh8 13. Bc4 Bg4 14. Ng5 Qf6
15. Bxf7+ Ke7 16. h4 Bh6 17. Bd5 Rd8 18. f3 Bd7 19. Nf7 Rf8 20. Nxh6 Qxh6 21.
O-O-O Na5 22. a3 b5 23. g4 Qf4 24. g5 Be6 25. Bxe6 Kxe6 26. Rdg1 Nb3+ 0-1

[Event "Women's Speed Chess Q5"]
[Site "chess.com INT"]
[Date "2020.06.22"]
[Round "2"]
[White "Sedina, Elena"]
[Black "Tarasova, Viktoriya"]
[Result "0-1"]
[WhiteTitle "IM"]
[BlackTitle "WIM"]
[WhiteElo "2299"]
[BlackElo "2226"]
[WhiteFideId "812153"]
[BlackFideId "4175840"]
[EventDate "2020.06.22"]

1. e4 c5 2. Nf3 d6 3. Bb5+ Nd7 4. O-O a6 5. Bd3 e5 6. c3 Ngf6 7. Bc2 b5 8. d4
Be7 9. Re1 O-O 10. Nbd2 Bb7 11. Nf1 Re8 12. Ng3 cxd4 13. cxd4 exd4 14. Nxd4 d5
15. e5 Bb4 16. Bd2 Bxd2 17. Qxd2 Nxe5 18. b3 Qb6 19. Rad1 Ng6 20. Ndf5 Bc6 21.
Nh5 Nxh5 22. Nd6 Rxe1+ 23. Rxe1 Bd7 24. Qxd5 Rf8 25. Nxf7 Rxf7 26. Re3 Nhf4 27.
Qe4 Qc6 28. g3 Qxe4 29. Bxe4 Nh3+ 30. Kg2 Re7 31. Bd5+ Kf8 32. Rf3+ Ke8 33. Rc3
Ng5 34. h4 Nf7 35. h5 Nge5 0-1

[Event "Women's Speed Chess Q5"]
[Site "chess.com INT"]
[Date "2020.06.22"]
[Round "2"]
[White "Stefanova, Antoaneta"]
[Black "Sviridova, Vlada"]
[Result "1-0"]
[WhiteTitle "GM"]
[BlackTitle "WFM"]
[WhiteElo "2462"]
[BlackElo "2144"]
[WhiteFideId "2902257"]
[BlackFideId "24109606"]
[EventDate "2020.06.22"]

1. d4 d5 2. Nf3 Nf6 3. Bf4 c5 4. e3 Nc6 5. Nbd2 e6 6. c3 Bd6 7. Bg3 O-O 8. Bd3
b6 9. Qe2 Bb7 10. Rd1 Rc8 11. e4 Be7 12. e5 Nh5 13. a3 a5 14. O-O c4 15. Bb1 b5
16. h4 Nxg3 17. fxg3 b4 18. a4 Rc7 19. h5 Re8 20. g4 Bf8 21. g5 g6 22. hxg6 fxg6
23. Qe3 Rg7 24. Nh2 Be7 25. Ndf3 Rf8 26. Ng4 Kh8 27. Nf6 Bc8 28. Nh4 Nb8 29.
Nxg6+ Rxg6 30. Bxg6 Bxf6 31. gxf6 Rg8 32. f7 Rf8 33. Qh3 Qe7 34. Qxh7# 1-0

[Event "Women's Speed Chess Q5"]
[Site "chess.com INT"]
[Date "2020.06.22"]
[Round "2"]
[White "Kanyamarala, Trisha"]
[Black "Sebag, Marie"]
[Result "0-1"]
[WhiteTitle "WIM"]
[BlackTitle "GM"]
[WhiteElo "2193"]
[BlackElo "2438"]
[WhiteFideId "45004722"]
[BlackFideId "617822"]
[EventDate "2020.06.22"]

1. d4 d5 2. c4 c6 3. cxd5 cxd5 4. Nc3 Nf6 5. Bf4 Nc6 6. e3 a6 7. Nf3 Bg4 8. Be2
e6 9. O-O Bd6 10. Bg5 h6 11. Bh4 O-O 12. a3 Rc8 13. Rc1 Be7 14. Qc2 b5 15. Rfd1
Na5 16. Ne5 Bxe2 17. Qxe2 Nc4 18. f3 Nxe5 19. dxe5 Nd7 20. Bxe7 Qxe7 21. f4 Nc5
22. Qf3 Rfd8 23. e4 dxe4 24. Nxe4 Nxe4 25. Rxc8 Rxc8 26. Qxe4 Qc5+ 27. Kh1 Qf2
28. Qd3 Qxb2 29. Qd7 Rc1 30. Qd8+ Kh7 31. Qd3+ g6 32. Qd7 Kg7 0-1

[Event "Women's Speed Chess Q5"]
[Site "chess.com INT"]
[Date "2020.06.22"]
[Round "2"]
[White "Sargsyan, Anna M."]
[Black "Osmanodja, Filiz"]
[Result "1-0"]
[WhiteTitle "WGM"]
[BlackTitle "WGM"]
[WhiteElo "2405"]
[BlackElo "2293"]
[WhiteFideId "13308130"]
[BlackFideId "24633569"]
[EventDate "2020.06.22"]

1. d4 Nf6 2. c4 e6 3. Nf3 Bb4+ 4. Bd2 Qe7 5. g3 Nc6 6. Bg2 Bxd2+ 7. Nbxd2 d5 8.
O-O O-O 9. Rc1 e5 10. cxd5 Nxd5 11. Nxe5 Nxe5 12. Bxd5 Ng4 13. Bg2 c6 14. e3 Be6
15. Ne4 Rad8 16. Nc5 f5 17. Nxe6 Qxe6 18. Qa4 Qh6 19. h3 Nf6 20. Qxa7 Rd7 21.
Qc5 Ne4 22. Qe5 Rd5 23. Qf4 g5 24. Qc7 f4 25. Bxe4 Qxh3 26. Bg2 Qg4 27. Bxd5+
cxd5 28. Qe5 f3 29. Qxd5+ Kh8 30. Rc7 Re8 31. Qf7 1-0

[Event "Women's Speed Chess Q5"]
[Site "chess.com INT"]
[Date "2020.06.22"]
[Round "2"]
[White "Daulyte-Cornette, Deimante"]
[Black "Doluhanova, Evgeniya"]
[Result "1-0"]
[WhiteTitle "IM"]
[BlackTitle "WGM"]
[WhiteElo "2400"]
[BlackElo "2229"]
[WhiteFideId "12802859"]
[BlackFideId "14112035"]
[EventDate "2020.06.22"]

1. e4 e5 2. Bc4 Nc6 3. Nc3 Bc5 4. Qg4 g6 5. Qf3 Qf6 6. Nd5 Qxf3 7. Nxf3 Bd6 8.
d3 Nce7 9. Bg5 Nxd5 10. Bxd5 h6 11. Bh4 g5 12. Bg3 f6 13. d4 exd4 14. Bxd6 cxd6
15. Nxd4 Ne7 16. O-O-O Nxd5 17. exd5 b6 18. Nb5 Kf7 19. Rhe1 Ba6 20. Nc7 Bb7 21.
Nxa8 Bxa8 22. Re3 Rc8 23. Rc3 Rxc3 24. bxc3 b5 25. Kb2 f5 26. c4 bxc4 27. Kc3
Kf6 28. Kxc4 Bb7 29. Kd4 1-0

[Event "Women's Speed Chess Q5"]
[Site "chess.com INT"]
[Date "2020.06.22"]
[Round "2"]
[White "Mkrtchian, Lilit"]
[Black "Abrahamyan, Tatev"]
[Result "1-0"]
[WhiteTitle "IM"]
[BlackTitle "WGM"]
[WhiteElo "2388"]
[BlackElo "2358"]
[WhiteFideId "13300601"]
[BlackFideId "13301918"]
[EventDate "2020.06.22"]

1. d4 Nf6 2. c4 e6 3. Nf3 d5 4. Nc3 dxc4 5. e3 a6 6. a4 c5 7. Bxc4 Nc6 8. O-O
cxd4 9. exd4 Be7 10. Be3 O-O 11. Ne5 Qc7 12. Nxc6 Qxc6 13. Qe2 b6 14. Rfd1 Nd5
15. Rac1 Nxc3 16. Rxc3 Qxa4 17. d5 Bf6 18. Ra3 Qb4 19. Rb3 Qa4 20. Rxb6 exd5 21.
Bxd5 Ra7 22. Rxf6 gxf6 23. Bxa7 1-0

[Event "Women's Speed Chess Q5"]
[Site "chess.com INT"]
[Date "2020.06.22"]
[Round "2"]
[White "Munkhzul, Davaakhuu"]
[Black "Bartel, Marta"]
[Result "0-1"]
[WhiteTitle "WFM"]
[BlackTitle "WGM"]
[WhiteElo "1991"]
[BlackElo "2192"]
[WhiteFideId "4902815"]
[BlackFideId "1123009"]
[EventDate "2020.06.22"]

1. e4 g6 2. d4 Bg7 3. c4 d6 4. Nc3 Nd7 5. Nf3 e5 6. Be3 Ngf6 7. h3 O-O 8. Be2 c6
9. O-O Qe7 10. Qc2 Nh5 11. Rad1 Nf4 12. Bxf4 exf4 13. Qc1 Bh6 14. Rfe1 a6 15.
Bd3 b5 16. cxb5 axb5 17. a3 Bb7 18. e5 dxe5 19. dxe5 Nc5 20. Bc2 Rad8 21. b4 Ne6
22. Ne4 c5 23. Nd6 Bxf3 24. gxf3 Qh4 25. Kh2 Ng5 0-1

[Event "Women's Speed Chess Q5"]
[Site "chess.com INT"]
[Date "2020.06.22"]
[Round "2"]
[White "Shvedova, Alexandra"]
[Black "Nguyen, Hong Anh"]
[Result "0-1"]
[WhiteTitle "WFM"]
[BlackTitle "WIM"]
[WhiteElo "1994"]
[BlackElo "1970"]
[WhiteFideId "54154782"]
[BlackFideId "12406732"]
[EventDate "2020.06.22"]

1. e4 c5 2. Nf3 Nc6 3. d4 cxd4 4. Nxd4 g6 5. c4 Nf6 6. Nc3 d6 7. f3 Nxd4 8. Qxd4
Bg7 9. Be3 O-O 10. Qd2 Be6 11. Rc1 Qa5 12. b3 Rfc8 13. Be2 a6 14. Nd5 Qxd2+ 15.
Kxd2 Nxd5 16. cxd5 Bd7 17. Rc4 Bb2 18. Rc2 Ba3 19. Bd4 f6 20. h4 Kf7 21. Bb2
Bb4+ 22. Bc3 Bc5 23. b4 Bb6 24. Bb2 Be3+ 25. Kxe3 Rxc2 26. Rb1 Rac8 27. Bd3 Rxg2
28. Bd4 Rxa2 29. b5 axb5 30. Bxb5 Bxb5 31. Rxb5 Rc7 32. Bb6 Ra3+ 33. Kf4 Rcc3
34. Bd4 Rxf3+ 35. Kg4 h5# 0-1

[Event "Women's Speed Chess Q5"]
[Site "chess.com INT"]
[Date "2020.06.22"]
[Round "2"]
[White "Frayna, Janelle Mae"]
[Black "Babiy, Olga"]
[Result "0-1"]
[WhiteTitle "WGM"]
[BlackTitle "WGM"]
[WhiteElo "2179"]
[BlackElo "2228"]
[WhiteFideId "5212499"]
[BlackFideId "14117258"]
[EventDate "2020.06.22"]

1. e4 c6 2. d4 d5 3. Nd2 dxe4 4. Nxe4 Nf6 5. Nxf6+ exf6 6. Bd3 Bd6 7. Ne2 O-O 8.
Be3 Re8 9. Qd2 Nd7 10. c3 Nf8 11. O-O-O Be6 12. Kb1 b5 13. h4 a5 14. Nf4 Bxf4
15. Bxf4 a4 16. Ka1 Qd5 17. Bb1 Qxg2 18. Rdg1 Qd5 19. h5 c5 20. Rxg7+ Kxg7 21.
Rg1+ Ng6 22. hxg6 fxg6 23. Bh6+ Kf7 24. Qf4 cxd4 25. Qg3 Bf5 26. Bxf5 Qxf5 27.
cxd4 a3 28. Qb3+ Qe6 29. d5 Qe5 30. d6+ Re6 31. d7 Qxb2+ 32. Qxb2 axb2+ 33. Kxb2
Rd6 34. Be3 Rxd7 35. Rg4 h5 36. Rb4 Rd5 0-1

[Event "Women's Speed Chess Q5"]
[Site "chess.com INT"]
[Date "2020.06.22"]
[Round "2"]
[White "Mikheeva, Galina"]
[Black "Tarini, Goyal"]
[Result "0-1"]
[WhiteTitle "WFM"]
[BlackTitle "WFM"]
[WhiteElo "1901"]
[BlackElo "2164"]
[WhiteFideId "44108320"]
[BlackFideId "5082749"]
[EventDate "2020.06.22"]

1. e4 c6 2. d4 d5 3. e5 Bf5 4. h4 h5 5. Bd3 Bxd3 6. Qxd3 Qa5+ 7. Nd2 e6 8. Nf3
Qa6 9. c4 Bb4 10. O-O Ne7 11. b3 Nf5 12. Bb2 O-O 13. g3 c5 14. Rfc1 Nc6 15. a3
Bxd2 16. Qxd2 dxc4 17. Rxc4 cxd4 18. Bxd4 Rfd8 19. Qf4 b5 20. Rxc6 Qxc6 21. Bb2
Qc2 22. Qc1 Qxc1+ 23. Rxc1 Rac8 24. Rxc8 Rxc8 25. Nd4 Nxd4 26. Bxd4 a6 27. Kf1
Rc2 28. Ke1 Ra2 29. Bc5 Rb2 30. b4 Ra2 31. Kd1 Rxa3 32. Kd2 Ra2+ 33. Kc3 f6 0-1

[Event "Women's Speed Chess Q5"]
[Site "chess.com INT"]
[Date "2020.06.22"]
[Round "2"]
[White "Cori T., Deysi"]
[Black "Janzelj, Lara"]
[Result "0-1"]
[WhiteTitle "WGM"]
[BlackTitle "WIM"]
[WhiteElo "2388"]
[BlackElo "2210"]
[WhiteFideId "3801934"]
[BlackFideId "14608391"]
[EventDate "2020.06.22"]

1. d4 d5 2. c4 dxc4 3. Nc3 a6 4. a4 Nc6 5. e3 Na5 6. Nf3 Bg4 7. h3 Bh5 8. g4 Bg6
9. Ne5 e6 10. Nxc4 Nxc4 11. Bxc4 Bd6 12. Qb3 Rb8 13. e4 c5 14. dxc5 Bxc5 15. Bf4
Rc8 16. Rd1 Qe7 17. Ke2 Nf6 18. f3 O-O 19. h4 Ba7 20. Bd3 Qc5 21. Rh2 h6 22. h5
Bh7 23. Rc1 Rfd8 24. Nd1 Qg1 0-1

[Event "Women's Speed Chess Q5"]
[Site "chess.com INT"]
[Date "2020.06.22"]
[Round "2"]
[White "Cyfka, Karina"]
[Black "Gokbulut, Julia"]
[Result "1/2-1/2"]
[WhiteTitle "IM"]
[BlackTitle "WFM"]
[WhiteElo "2411"]
[BlackElo "1970"]
[WhiteFideId "1122681"]
[BlackFideId "4153979"]
[EventDate "2020.06.22"]

1. d4 d5 2. Nf3 Nf6 3. Bf4 c5 4. e3 Nc6 5. c3 cxd4 6. exd4 Bg4 7. Nbd2 e6 8. h3
Bxf3 9. Nxf3 Bd6 10. Qd2 Qc7 11. Bxd6 Qxd6 12. Bd3 O-O 13. O-O Ne4 14. Qe3 f5
15. Rae1 a6 16. Re2 b5 17. Bb1 b4 18. cxb4 Nxb4 19. Ne5 Rfc8 20. Bxe4 dxe4 21.
a3 Nc2 22. Qf4 Qxd4 23. Rd2 Qxb2 24. Rd7 Rd8 25. Rxg7+ Kxg7 26. Qg5+ Kf8 27.
Qf6+ Kg8 28. Qxe6+ Kg7 29. Qe7+ Kg8 30. Qg5+ Kf8 31. Qxf5+ Kg7 32. Qg5+ Kf8 33.
Qh6+ Kg8 34. Qe6+ Kg7 35. Qe7+ Kg8 36. Qg5+ Kf8 37. Qf4+ Kg7 38. Qf7+ Kh8 39.
Qf6+ Kg8 40. Qg5+ Kf8 1/2-1/2

[Event "Women's Speed Chess Q5"]
[Site "chess.com INT"]
[Date "2020.06.22"]
[Round "2"]
[White "Papp, Petra"]
[Black "Mahalakshmi, M"]
[Result "0-1"]
[WhiteTitle "WGM"]
[BlackTitle "WIM"]
[WhiteElo "2338"]
[BlackElo "2253"]
[WhiteFideId "739049"]
[BlackFideId "5001080"]
[EventDate "2020.06.22"]

1. e4 c6 2. d4 d5 3. Nd2 dxe4 4. Nxe4 Nf6 5. Nxf6+ exf6 6. c3 Bd6 7. Bd3 O-O 8.
Ne2 Re8 9. O-O Nd7 10. Bf4 Nf8 11. Bxd6 Qxd6 12. Qd2 Bg4 13. Ng3 Re7 14. h3 Bd7
15. Rfe1 Rae8 16. Ne4 Qc7 17. Re3 Ng6 18. Rae1 Bc8 19. Nc5 b6 20. Ne4 Nf4 21.
Bf1 Nd5 22. R3e2 Ba6 23. f3 Bxe2 24. Bxe2 Nf4 25. c4 Nxe2+ 26. Rxe2 f5 27. Nc3
Rxe2 28. Nxe2 Qe7 29. Ng3 Qe1+ 30. Qxe1 Rxe1+ 31. Kf2 Rb1 32. Nxf5 Rxb2+ 33. Kg3
Kf8 34. d5 cxd5 35. cxd5 Rxa2 36. d6 Rd2 37. Kf4 g6 38. Ne7 Rxd6 39. Nc8 Rd7 40.
Ke5 b5 41. f4 b4 0-1

[Event "Women's Speed Chess Q5"]
[Site "chess.com INT"]
[Date "2020.06.22"]
[Round "2"]
[White "Belenkaya, Dina"]
[Black "Tokhirjonova, Gulrukhbegim"]
[Result "1-0"]
[WhiteTitle "WGM"]
[BlackTitle "WGM"]
[WhiteElo "2297"]
[BlackElo "2378"]
[WhiteFideId "24142654"]
[BlackFideId "14203626"]
[EventDate "2020.06.22"]

1. e4 e5 2. Nf3 Nc6 3. d4 exd4 4. Nxd4 Nf6 5. Nxc6 bxc6 6. Bd3 d5 7. exd5 cxd5
8. O-O Be7 9. c4 c6 10. Nc3 O-O 11. Bg5 Be6 12. cxd5 cxd5 13. Nb5 Ne4 14. Bxe7
Qxe7 15. Rc1 Rac8 16. Qa4 a6 17. Nd4 Nc5 18. Qa3 Qa7 19. Bb1 g6 20. b4 Nd7 21.
Nc6 Qb7 22. Ne7+ Kg7 23. Nxc8 Rxc8 24. Rxc8 Qxc8 25. Bd3 Ne5 26. Qb2 f6 27. Be2
Nc4 28. Bxc4 dxc4 29. Rc1 Qc6 30. Qd4 Bf7 31. Qc5 Qa4 32. Qa5 Qd7 33. Qxa6 Qd2
34. Qa3 g5 35. b5 Bd5 36. b6 Kg6 37. Qc3 Qxa2 38. Qc2+ Qxc2 39. Rxc2 Kf5 40.
Rxc4 1-0

[Event "Women's Speed Chess Q5"]
[Site "chess.com INT"]
[Date "2020.06.22"]
[Round "2"]
[White "Arabidze, Meri"]
[Black "Charochkina, Daria"]
[Result "0-1"]
[WhiteTitle "IM"]
[BlackTitle "IM"]
[WhiteElo "2428"]
[BlackElo "2356"]
[WhiteFideId "13604040"]
[BlackFideId "4180917"]
[EventDate "2020.06.22"]

1. d4 f5 2. e4 fxe4 3. Nc3 Nf6 4. Bg5 Nc6 5. d5 Ne5 6. Qe2 c6 7. O-O-O d6 8.
Nxe4 Qa5 9. Bxf6 gxf6 10. Qh5+ Kd8 11. Be2 Qxa2 12. Nc3 Qa1+ 13. Nb1 f5 14. f4
Nd7 15. Qf7 a5 16. Nf3 a4 17. dxc6 bxc6 18. Nd4 Kc7 19. Nxc6 a3 20. bxa3 Bg7 21.
Nb4 Rxa3 22. Qc4+ Nc5 23. Nd5+ Kd8 24. Bf3 Ba6 25. Qb4 Nb3+ 26. cxb3 Qb2# 0-1

[Event "Women's Speed Chess Q5"]
[Site "chess.com INT"]
[Date "2020.06.22"]
[Round "2"]
[White "Ramirez, Maria Eugenia"]
[Black "Khomeriki, Nino"]
[Result "0-1"]
[WhiteTitle "WFM"]
[BlackTitle "WGM"]
[WhiteElo "2057"]
[BlackElo "2319"]
[WhiteFideId "3301680"]
[BlackFideId "13603191"]
[EventDate "2020.06.22"]

1. e4 e5 2. Nf3 Nc6 3. Nc3 Nf6 4. Bb5 Bb4 5. O-O O-O 6. Bxc6 dxc6 7. Nxe5 Re8 8.
d4 Bxc3 9. bxc3 Nxe4 10. Qf3 Nd6 11. Ba3 Be6 12. Rfe1 Bd5 13. Qf4 f6 14. Nd3
Rxe1+ 15. Rxe1 Bxa2 16. Nc5 Bf7 17. Ne4 Nxe4 18. Rxe4 Qd5 19. Re7 Qa2 20. Qc1
Re8 21. Rxe8+ Bxe8 22. h3 Bd7 23. Bc5 b6 24. Be7 Qe6 25. Ba3 c5 26. dxc5 Bc6 27.
cxb6 axb6 28. Qe3 Qd5 0-1

[Event "Women's Speed Chess Q5"]
[Site "chess.com INT"]
[Date "2020.06.22"]
[Round "2"]
[White "Matveeva, Olga"]
[Black "Kaya, Emel"]
[Result "1-0"]
[WhiteTitle "WIM"]
[BlackTitle "WCM"]
[WhiteElo "2171"]
[BlackElo "1912"]
[WhiteFideId "24107018"]
[BlackFideId "6306411"]
[EventDate "2020.06.22"]

1. d4 d5 2. c4 dxc4 3. Nf3 c5 4. e3 cxd4 5. exd4 Nf6 6. Bxc4 Nc6 7. O-O Bg4 8.
Qb3 e6 9. Qxb7 Bxf3 10. gxf3 Nxd4 11. Bb5+ Nxb5 12. Qxb5+ Qd7 13. Qxd7+ Nxd7 14.
Nc3 Be7 15. Be3 O-O 16. Rfd1 Ne5 17. Kg2 Nc4 18. b3 Nxe3+ 19. fxe3 Bf6 20. Rac1
Rfd8 21. Ne4 Be7 22. Kf2 Kf8 23. Ke2 Rxd1 24. Rxd1 Ke8 25. Rd4 f5 26. Nd2 a5 27.
Nc4 a4 28. Nb6 Ra7 29. Nxa4 Rc7 30. Rc4 Ra7 31. Kd3 Kf7 32. Rc2 Rd7+ 33. Ke2 Ra7
34. Nb6 Bf6 35. Nc4 g5 36. a4 Kg6 37. a5 Rb7 38. Nd2 Rb5 39. Ra2 Bd8 40. a6 Rb8
41. Nc4 Rxb3 42. a7 Bb6 43. a8=Q 1-0

[Event "Women's Speed Chess Q5"]
[Site "chess.com INT"]
[Date "2020.06.22"]
[Round "2"]
[White "Haussernot, Cecile"]
[Black "Injac, Teodora"]
[Result "1-0"]
[WhiteTitle "WIM"]
[BlackTitle "WIM"]
[WhiteElo "2171"]
[BlackElo "2286"]
[WhiteFideId "601632"]
[BlackFideId "932400"]
[EventDate "2020.06.22"]

1. e4 e6 2. d4 d5 3. Nc3 Nf6 4. e5 Nfd7 5. f4 c5 6. Nf3 Nc6 7. Be3 Be7 8. Qd2
O-O 9. dxc5 Bxc5 10. Bxc5 Nxc5 11. Bd3 f6 12. O-O-O f5 13. Rhg1 Ne4 14. Qe1 Qa5
15. g4 Nb4 16. gxf5 Nxa2+ 17. Nxa2 Qxa2 18. Bxe4 dxe4 19. Qg3 Qa1+ 20. Kd2 Qa5+
21. Ke3 Rf7 22. Ng5 Qc5+ 23. Ke2 Qxc2+ 24. Rd2 Qc4+ 25. Ke1 Qc1+ 26. Rd1 Qc7 27.
Nxf7 Qxf7 28. Rd8+ 1-0

[Event "Women's Speed Chess Q5"]
[Site "chess.com INT"]
[Date "2020.06.22"]
[Round "2"]
[White "Tian, Shi Yuan"]
[Black "Nikoladze, Sopio"]
[Result "0-1"]
[WhiteTitle "WFM"]
[BlackTitle "WIM"]
[WhiteElo "1868"]
[BlackElo "2132"]
[WhiteFideId "2623960"]
[BlackFideId "13600427"]
[EventDate "2020.06.22"]

1. e4 d6 2. d4 Nf6 3. Bd3 e5 4. c3 Be7 5. h3 O-O 6. Nf3 c6 7. Be3 Nbd7 8. Nbd2
b5 9. a4 bxa4 10. Rxa4 Qc7 11. O-O Nb6 12. Ra1 Bb7 13. Qc2 Rfd8 14. Ba6 Bxa6 15.
Rxa6 h6 16. Rfa1 Nfd7 17. Qd3 c5 18. d5 Nb8 19. R6a2 N8d7 20. c4 Rdb8 21. Nb3
Nc8 22. Na5 Bf8 23. Bc1 Rb6 24. Nc6 Nb8 25. Na5 Na6 26. Bd2 Nb4 27. Bxb4 Rxb4
28. Nc6 Rb6 29. Qa3 a6 30. Ne1 Ne7 31. Nxe7+ Bxe7 32. Nd3 Bg5 33. Qa5 Rab8 34.
Qc3 Qb7 35. Qc2 g6 36. Kh2 f5 37. exf5 gxf5 38. Nxc5 dxc5 39. Qxf5 Rf8 40. Qg4
Rxf2 41. h4 Rf4 42. Qg3 Rxh4+ 43. Kg1 Kh8 44. Qxe5+ Qg7 45. Qe8+ Kh7 46. Rxa6
Qd4+ 47. Kf1 Rf4+ 48. Ke2 Rf2+ 0-1

[Event "Women's Speed Chess Q5"]
[Site "chess.com INT"]
[Date "2020.06.22"]
[Round "2"]
[White "Grigoryan, Meri"]
[Black "Javakhishvili, Lela"]
[Result "1-0"]
[WhiteTitle "WFM"]
[BlackTitle "IM"]
[WhiteElo "2044"]
[BlackElo "2475"]
[WhiteFideId "13300571"]
[BlackFideId "13601458"]
[EventDate "2020.06.22"]

1. e4 d6 2. d4 Nf6 3. Nc3 g6 4. Bg5 c6 5. Nf3 Nbd7 6. Bd3 Bg7 7. O-O O-O 8. Qd2
e5 9. Rad1 Qe7 10. d5 Nc5 11. Bc4 Bg4 12. dxc6 bxc6 13. Bxf6 Qxf6 14. Qxd6 Ne6
15. Be2 Rac8 16. Nxe5 Bxe2 17. Nd7 Qg5 18. Nxe2 Rfd8 19. Qg3 Qb5 20. Qf3 Qxb2
21. c3 Rc7 22. Nf6+ Bxf6 23. Qxf6 Rcd7 24. Rxd7 Rxd7 25. Ng3 Rd2 26. e5 Qxc3 27.
Ne4 1-0